Sonata de otoño
Αποθηκεύτηκε σε:
| Κύριος συγγραφέας: | |
|---|---|
| Μορφή: | Βιβλίο |
| Γλώσσα: | Ισπανικά |
| Έκδοση: |
Madrid
Espasa-Calpe
1963
|
| Έκδοση: | 4a. ed |
| Σειρά: | Austral, 441
|
| Θέματα: | |
| Ετικέτες: |
Προσθήκη ετικέτας
Δεν υπάρχουν, Καταχωρήστε ετικέτα πρώτοι!
|
MARC
| LEADER | 00000nam a2200000 a 4500 | ||
|---|---|---|---|
| 001 | UCR3488 | ||
| 003 | CL-VaPUC | ||
| 008 | 980124e19630000SP |||||||||||||||||spa|d | ||
| 082 | 0 | 4 | |a 863 |b VAL |2 21 |
| 100 | 0 | |a Valle Inclán, Ramón de |e author |9 402370 | |
| 245 | 1 | 0 | |a Sonata de otoño |
| 246 | 1 | 0 | |a Sonata de invierno. Memorias del marqués de Bradomín |
| 250 | |a 4a. ed | ||
| 300 | |a 178 p | ||
| 942 | |c BK | ||
| 945 | |d 19980124 00:00:00 |a aolguin | ||
| 260 | |a Madrid |b Espasa-Calpe |c 1963 | ||
| 650 | 0 | |a Novelas españolas |9 265052 | |
| 650 | 0 | |a Literatura española |9 306261 | |
| 583 | |a last modification |c 19980124 00:00:00 |k Rodrigo Vera | ||
| 490 | 0 | |a Austral, 441 | |
| 999 | |c 266554 |d 266552 | ||
| 952 | |0 0 |1 0 |4 0 |6 863_000000000000000_VAL_1963 |7 0 |8 R |9 298265 |a BIBEDU |b BIBEDU |c MCIRC |d 2019-11-20 |i 1942395 |l 1 |o 863 VAL 1963 |p 1942395 |r 2023-01-13 |s 2022-09-05 |w 2019-11-20 |y BK_R |k LIT | ||